000 01383nam a22002417a 4500
003 OSt
005 20210203100103.0
008 210203s2019 cl ad||gr|||| 00| 0 spa d
020 _a9789211220193
040 _aCO-JMCR
_cCO-JMCR
041 0 _aspa
082 0 4 _223
_a338.98 /
_bC399e
110 1 _aComisión económica para América Latina y el Caribe
_93019
245 1 0 _aEstudio económico de América Latina y Caribe :
_bel nuevo contexto financiero mundial : efectos y mecanismos de transmisión en la región /
_cComisión económica para América Latina y el Caribe, Cepal
260 _aSantiago :
_bNaciones Unidas : Cepal,
_c2019
300 _a235 páginas :
_bilustraciones, gráficos a color ;
_c27 cm.
505 0 _aPanorama regional -- El nuevo contexto financiero mundial: efectos y mecanismos de transmisión en la región -- Los cambios en el siclo financiero mundial y sus impactos -- Hacia un nuevo enfoque para analizar las vulnerabilidades potenciales que enfrenta América Latina y el Caribe en el nuevo ciclo -- Cambios en el sistema financiero, regulación macroprudencial y mecanismo de transmisión
650 2 4 _aDesarrollo económico
_ySiglo XX
_zAmérica latina
_912981
650 2 4 _aInvestigaciones
_ySiglo XX
_zAmérica Latina-
_912982
650 2 4 _aContexto financiero
_zAmérica Latina
_912983
710 1 _aCepal,
_eautor
_912984
942 _2ddc
_cBK
999 _c7092
_d7092